lumières - Statistiques

Statistiques générales
  • Ce quiz a été pris 9 fois
  • Le résultat moyen est 4 sur 13
Statistiques - réponses
Hint Réponse % Correct
voltaire
88%
auteurs montesquieu
75%
année 18ème
50%
diderot
50%
démarche scientifique
13%
principes développement de la connaissance
13%
émancipation pensée rationnelle
13%
procédés essais, discours, dictionnaires
13%
foi en le progrès
13%
liberté tolérance
13%
recherche du bonheur
13%
thèmes refus religion, préjugés, fanatisme
13%
tonalité ironique
13%
Aucun quiz correspondant
Distribution des résultats
% des personnes avec chaque résultat
Percentile par nombre de réponses
Votre historique - résultats
Vous n’avez pas pris ce quiz